00966nam a22002297a 4500003001400000005001700014008004100031020001800072040002800090041000800118082002200126100002300148245007600171260006400247300002400311490005300335500001800388504004900406505023500455650002100690650002500711KOHA_MİRAKIL20260420104547.0260420b tu ||||| |||| 00| 0 tur d a9789944881821 aTR-AnABBbturcTR-AnABB atur a956.102bGUR 20071 aGürün, Kamuran14aThe Armenian file :bthe myth of innocence exposed /cKamuran Gürün aİstanbul : bTürkiye İş Bankası Yayınları,c2007 a412 sayfa ; c20 cm0 aTürkiye İş Bankası ; vGenel Yayın: 1312 aDizin vardır aKaynakça 401-404 sayfaları arasındadır. aİçindekiler: Armenia and the Armanieans - The origins of the Armenian question - The Armenians in the Ottoman Empire and the policies of the great powers - The Armenian questions - The First World War - The War of Independence04aTarih, Türkiye04aTarih, Ermeni sorunu